000 00644nam a2200205Ii 4500
003 JO-AjNU
008 230605s9999||||xx |||||||||||||| ||und||
017 _a2002/7/1643
040 _aJO-AjNU
_bara
_erda
_cJO-AjNU
041 _aara
050 1 4 _aPJ7814.W265.M37 2002
100 3 _aتأليف العوضات،عمر عبيد,
_eauthor
_97993
245 0 0 _aمشاعل على الدروب
264 3 1 _aالطفيلة:المؤلف،2002
300 _a96ص
336 _atext
_btxt
_2rdacontent
337 _aunmediated
_bn
_2rdamedia
338 _avolume
_bnc
_2rdacarrier
650 4 _aالثقافة الجماهيرية - الإسلام
_97994
999 _aA560
_c4128
_d4128